[Event "Russian Cup f"]
[Site "Sochi"]
[Date "1997.??.??"]
[Round "6"]
[White "Aleksandrov, Aleksej"]
[Black "Galkin, Alexander"]
[Result "1/2-1/2"]
[WhiteElo "2660"]
[BlackElo "2540"]

1.d4 d5 2.c4 c6 3.Nc3 Nf6 4.e3 e6 5.Nf3 Nbd7 6.Bd3 dxc4 7.Bxc4 b5 8.Be2 Bb7
9.O-O Be7 10.e4 b4 11.e5 bxc3 12.exf6 Bxf6 13.bxc3 O-O 14.Rb1 Qc8 15.Ng5 Be7
16.Bf3 Ba6 17.Re1 Bc4 18.Qc2 Nf6 19.Bf4 Qa6 20.Rbc1 Rac8 21.Be5 Qxa2 22.Qxa2 Bxa2
23.Ra1 Bd5 24.Rxa7 Bxf3 25.Nxf3 Rfe8 26.h3 c5 27.Rb1 cxd4 28.Bxd4 Bc5 29.Bxc5 Rxc5
30.Rbb7 Rf8 31.c4 Rxc4 32.Ne5 Rc1+ 33.Kh2 Rc5 34.Nxf7 Rd5 35.f4 Rd7 36.Rxd7 Nxd7
37.Ng5 Nc5 38.Rc7 Na6 39.Rc4 Re8 40.Rc6 Nb4 41.Rd6 Nd5 42.Nxe6 Nf6 43.f5 g6
44.fxg6 hxg6 45.Ra6 Nd5 46.h4 Kf7 47.Ng5+ Kg7 48.Rd6 Nf6 49.Ra6 Nh5 50.Ra7+ Kf6
51.Rf7+ Ke5 52.g4 Nf6 53.Kg3 Nd5 54.Rg7 Kf6 55.Rd7 Ke5 56.Ra7 Rb8 57.Nf3+ Kd6
58.Rg7 Ne7 59.Nd4 Rf8 60.Nb5+ Ke6 61.Rh7 Rc8 62.Nd4+ Kd6 63.Rf7 Nd5 64.Ra7 Rc3+
65.Nf3 Rb3 66.Ra6+ Rb6 67.Ra3 Ke6 68.Rd3 Ra6 69.Ng5+ Ke5 70.Nf7+ Ke4 71.Rb3 Rc6
72.Nh8 Ke5 73.Rf3 Ra6 74.g5 Rb6 75.Ra3 Ke4 76.Nf7 Ne7 77.Nh6 Rb1 78.Ra6 Rb3+
79.Kg4 Kd5 80.Ra5+ Ke6 81.Ra6+ Kd5 82.Ra2 Nc6 83.Nf7 Ke6 84.Rf2 Rb4+ 85.Kg3 Ne7
86.Nh6 Rb3+ 87.Kg2 Rb4 88.Rf6+ Kd5 89.Kg3 Rb3+ 90.Kg4 Rb4+ 91.Rf4 Rxf4+ 92.Kxf4 Ke6
93.Ke4 Nd5 94.Ng8 Nc3+ 95.Kf3 Nd5 96.Nh6 Ne7 97.Ke4 Nd5 98.Ng4 Nc3+ 99.Kd4 Nb5+
100.Ke4 Nd6+ 101.Kf4 Nf5  1/2-1/2

[Event "Russian Cup f"]
[Site "Sochi"]
[Date "1997.??.??"]
[Round "10"]
[White "Aleksandrov, Aleksej"]
[Black "Filippov, Valerij"]
[Result "1/2-1/2"]
[WhiteElo "2660"]
[BlackElo "2535"]

1.d4 d5 2.c4 c6 3.Nc3 Nf6 4.e3 e6 5.Nf3 Nbd7 6.Bd3 dxc4 7.Bxc4 b5 8.Be2 a6
9.e4 b4 10.e5 bxc3 11.exf6 Nxf6 12.bxc3 Bd6 13.Qa4 Bd7 14.Ne5 c5 15.Nxd7 Qxd7
16.Qxd7+ Kxd7 17.Bf3 Rab8 18.dxc5 Bxc5 19.Bf4 Rb6 20.O-O Nd5 21.Bg3 Bd6 22.c4 Bxg3
23.hxg3 Nc3 24.Rfc1 Na4 25.c5 Rb5 26.Rd1+ Ke7 27.c6 Nc5 28.a4 Ra5 29.Rac1 h5
30.g4 hxg4 31.Bxg4 Rc8 32.Bf3 Rc7 33.g4 g6 34.Rc2 f5 35.Rb1 Ne4 36.Bxe4 fxe4
37.Rb4 Re5 38.Rc3 Kd6 39.Rd4+ Rd5 40.Rxe4 e5 41.f4 exf4 42.Rxf4 Ke5 43.Rf8 Rd6  1/2-1/2

[Event "POL-ch"]
[Site "Sopot"]
[Date "1997.??.??"]
[Round "1"]
[White "Myc, Marcin"]
[Black "Kuczynski, Robert"]
[Result "1/2-1/2"]
[WhiteElo "2335"]
[BlackElo "2500"]

1.d4 d5 2.Nf3 c6 3.c4 Nf6 4.Nc3 e6 5.e3 Nbd7 6.Qc2 b6 7.Be2 Bb7 8.O-O Be7
9.Re1 O-O 10.e4 dxe4 11.Nxe4 Qc7 12.Bg5 Rfe8 13.Nxf6+ Nxf6 14.c5 bxc5 15.dxc5 e5
16.Nd2 Nd5  1/2-1/2

[Event "POL-ch"]
[Site "Sopot"]
[Date "1997.??.??"]
[Round "5"]
[White "Grabarczyk, Miroslaw"]
[Black "Kuczynski, Robert"]
[Result "1/2-1/2"]
[WhiteElo "2480"]
[BlackElo "2500"]

1.d4 d5 2.c4 c6 3.Nc3 Nf6 4.Nf3 e6 5.e3 Nbd7 6.Qc2 Bd6 7.Be2 O-O 8.O-O dxc4
9.Bxc4 Qe7 10.h3 c5 11.dxc5 Bxc5 12.e4 Bd6 13.Qe2 Ne5 14.Rd1 Bd7 15.Bg5 h6
16.Bxf6 gxf6 17.Nxe5 Bxe5 18.Qd2 Bc6 19.Qxh6 Rfd8 20.Bb3 Rxd1+ 21.Rxd1 Rd8
22.Rxd8+ Qxd8 23.Qe3 Qd4 24.Qxd4 Bxd4 25.Bc2 b5 26.Kf1 b4 27.Nd1 Bb5+ 28.Ke1 a5
29.b3 Kg7 30.Kd2 Bf1 31.Ne3 Bc3+ 32.Kd1 Bb5 33.Nc4 a4 34.Bd3 Bd4 35.f3 Kh6
36.Nb2 Bxb2 37.Bxb5 axb3 38.axb3 Kg5 39.Be8 Kh4 40.Ke2 Kg3 41.Bxf7 e5 42.Kd3 Bc3
43.Bg6 Be1 44.Kc4 Kh4 45.Bf5 Kg3 46.Kc5 Kh4 47.Kd6 Kg5 48.Ke6 Bg3 49.Kd6 Be1
50.Kd5 Kh4 51.Bd7 Kg5 52.Kc5 Kh4 53.Bc8 Kg3 54.Kd5 Kh4 55.Kc5 Kg3 56.Kc4 Kh4
57.Kd3 Kg3 58.Ke2 Bc3 59.Bd7 Kh4 60.Kf2 Bd4+ 61.Ke2 Bc3 62.Kd3 Be1 63.Kc4 Kg3
64.Kc5 Kh4 65.Kd6 Kg5 66.Ke6 Bg3 67.Kd5  1/2-1/2

[Event "Split"]
[Site "Split"]
[Date "1997.??.??"]
[Round "?"]
[White "Berebora, Ferenc"]
[Black "Krumpacnik, Domen"]
[Result "1/2-1/2"]
[WhiteElo "2390"]
[BlackElo "2385"]

1.Nf3 Nf6 2.c4 e6 3.Nc3 d5 4.d4 c6 5.e3 Nbd7 6.Bd3 dxc4 7.Bxc4 b5 8.Bd3 a6
9.e4 Bb7 10.e5 Nd5 11.Nxd5 cxd5 12.O-O Be7 13.Bd2 b4 14.Qa4 a5 15.Rfc1 O-O
16.Qc2 h6 17.Qc7 Ba6 18.Bxa6 Rxa6 19.Ne1 f6 20.exf6 Nxf6 21.Nd3 Bd6 22.Qxd8 Rxd8
23.f3 Nd7 24.Bf4 Bxf4 25.Nxf4 Kf7 26.Rc7 Ke7 27.Re1 g5 28.Nd3 Kd6 29.Rxd7+ Rxd7
30.Nc5 Ra8 31.Rxe6+ Kc7 32.Nxd7 Kxd7 33.Rxh6 Rc8 34.h4 Rc2 35.Ra6 gxh4 36.Rxa5 Ke6
37.b3 Rd2 38.Kh2 Rxd4 39.Ra4 Ke5 40.Kh3 Rf4 41.a3 d4 42.Ra5+ Ke6 43.axb4 d3
44.b5 Rd4 45.Ra1 Kd5 46.Rd1 Kc5 47.g4 hxg3 48.Kxg3 Rd5 49.b6 Kd4 50.f4 Rb5
51.Kg4 Rxb3 52.f5 Rxb6 53.Kg5  1/2-1/2

[Event "St Petersburg-B"]
[Site "St Petersburg"]
[Date "1997.??.??"]
[Round "1"]
[White "Norri, Joose"]
[Black "Popov, Valerij"]
[Result "1/2-1/2"]
[WhiteElo "2430"]
[BlackElo "2430"]

1.d4 d5 2.c4 c6 3.Nf3 Nf6 4.Nc3 e6 5.e3 Nbd7 6.Bd3 a6 7.a4 Bb4 8.O-O O-O
9.Qc2 Qe7 10.e4 dxc4 11.Bxc4 e5 12.Be3 Bxc3 13.bxc3 exd4 14.Bxd4 Qxe4 15.Qa2 Qf5
16.Rfe1 b5 17.Bb3 c5 18.Ne5 cxd4 19.Nxf7 Qh5 20.cxd4 bxa4 21.Nh6+ Kh8 22.Nf7+ Kg8
23.Nh6+ Kh8 24.Nf7+  1/2-1/2

[Event "St Petersburg"]
[Site "St Petersburg"]
[Date "1997.??.??"]
[Round "5"]
[White "Epishin, Vladimir"]
[Black "Khalifman, Alexander"]
[Result "1/2-1/2"]
[WhiteElo "2600"]
[BlackElo "2650"]

1.d4 Nf6 2.c4 e6 3.Nf3 d5 4.Nc3 c6 5.e3 Nbd7 6.Qc2 Bd6 7.Bd3 O-O 8.O-O dxc4
9.Bxc4 Qe7 10.a3 e5 11.h3 Bb8 12.Ba2 h6 13.Bd2 Re8 14.e4 exd4 15.Nxd4 Qe5
16.Nf3 Qh5 17.Rae1 Ne5 18.Nh2 Bxh3 19.gxh3 Qxh3 20.f4 Nfg4 21.Bc1 Nxh2 22.Qxh2 Nf3+
23.Rxf3 Qxf3 24.Rf1 Qg4+ 25.Qg2 Qxg2+ 26.Kxg2 Bc7 27.Be3 Rad8 28.e5 Rd3 29.Kf2 Bb6
30.Bxb6 axb6 31.Ne4 Kf8 32.Ke2 Rh3 33.Rd1 Rh2+ 34.Nf2 g5 35.Kf3 gxf4 36.Rd7 Re7
37.Rd8+ Re8 38.Rd7 Re7 39.Rd8+ Re8  1/2-1/2

[Event "Bodensee-Cup"]
[Site "Steckborn"]
[Date "1997.??.??"]
[Round "2"]
[White "Riedel, Wolfgang"]
[Black "Schwalfenberg, Joerg"]
[Result "0-1"]
[WhiteElo "2360"]
[BlackElo "2320"]

1.d4 Nf6 2.c4 c6 3.Nc3 d5 4.Nf3 e6 5.e3 Nbd7 6.Qc2 Bd6 7.Bd2 O-O 8.O-O-O e5
9.cxd5 cxd5 10.Nb5 Bb8 11.dxe5 Nxe5 12.Nxe5 Bxe5 13.Bc3 Bxc3 14.Nxc3 Be6
15.Rd4 Rc8 16.Bd3 Rc5 17.Kb1 Qc7 18.f3 Qe5 19.Qd2 Bf5 20.g4 Bxd3+ 21.Rxd3 Re8
22.Rg1 h6 23.h4 g5 24.hxg5 hxg5 25.Rd1 Qg3 26.e4 dxe4 27.fxe4 Qxg4 28.Qf2 Rc6
29.Qxa7 Nxe4 30.Qxb7 Rxc3 31.Rf1 Qf5  0-1

[Event "Bodensee-Cup"]
[Site "Steckborn"]
[Date "1997.??.??"]
[Round "2"]
[White "Beikert, Guenther"]
[Black "Meister, Peter"]
[Result "0-1"]
[WhiteElo "2435"]
[BlackElo "2385"]

1.d4 d5 2.c4 e6 3.Nf3 Nf6 4.Nc3 c6 5.e3 Nbd7 6.Qc2 Bd6 7.b3 O-O 8.Be2 Qe7
9.O-O Re8 10.Rd1 dxc4 11.bxc4 e5 12.a4 e4 13.Nd2 Nf8 14.Qb3 Ng4 15.Ndxe4 Bxh2+
16.Kf1 Qh4 17.Bxg4 Bxg4 18.f3 Bf5 19.Nf2 Bg3 20.Ra2 Ne6 21.e4 Nxd4 22.Rxd4 Bxf2
23.Rxf2 Qh1+ 24.Ke2 Qxc1 25.Rd1 Qg5 26.Qxb7 Be6 27.Kf1 Qc5 28.Rfd2 f5 29.Ne2 fxe4
30.Rd7 Bxd7 31.Rxd7 Qe5 32.f4 Qf6 33.c5 Rab8 34.Qxa7 Rb1+ 35.Kf2 e3+ 36.Kg3 Qg6+
37.Kh2 Qg4  0-1

[Event "SVK-chT3a 9697"]
[Site "?"]
[Date "1997.??.??"]
[Round "9"]
[White "Mihalik, Marek"]
[Black "Kovacova, Zuzana"]
[Result "1/2-1/2"]
[WhiteElo "2130"]
[BlackElo "2025"]

1.d4 d5 2.c4 c6 3.Nf3 Nf6 4.Nc3 e6 5.e3 Be7 6.Bd3 dxc4 7.Bxc4 b5 8.Bd3 a6
9.O-O Nbd7 10.b3 Bb7 11.Bb2 c5 12.Rc1 O-O 13.Ne5 Rc8 14.f4 Nb6 15.Kh1 Nbd5
16.Nxd5 Qxd5 17.Qe2 cxd4 18.Bxd4 Ne4 19.Rxc8 Rxc8 20.Qg4 Rc1 21.Qe2 Bh4 22.Nf3 Rxf1+
23.Qxf1 Qh5 24.Bxe4 Bxe4 25.Nxh4 Qxh4 26.Kg1 Qg4 27.h3 Qg6 28.Qf2 Bd5 29.Kh2 h6
30.Qb2 Kh7 31.a4 bxa4 32.bxa4 f6 33.Qe2 Kg8 34.Qg4 Qxg4 35.hxg4 Bb3 36.a5 Bd5
37.Kh3 Kf7 38.g3 g5 39.Bb6 Bc4 40.Bd4 Bd5  1/2-1/2

[Event "SVK-chT1W 9798"]
[Site "SVK"]
[Date "1997.??.??"]
[Round "?"]
[White "Kijac, Miroslav"]
[Black "Odler, Daniel"]
[Result "1/2-1/2"]
[WhiteElo "2145"]
[BlackElo "2190"]

1.d4 d5 2.c4 c6 3.Nf3 Nf6 4.Nc3 e6 5.e3 Nbd7 6.Qc2 Bd6 7.Be2 O-O 8.O-O Re8
9.Rd1 Qc7 10.e4 dxe4 11.Nxe4 Bf4 12.Re1 b6 13.Bd3 Bxc1 14.Raxc1 h6 15.c5 Nxe4
16.cxb6 axb6 17.Bxe4 Rxa2 18.Qb3 Qa7 19.Bxc6 Rd8 20.Bxd7 Bxd7 21.d5 Ra5  1/2-1/2

[Event "SVK-chT1W 9798"]
[Site "SVK"]
[Date "1997.??.??"]
[Round "?"]
[White "Behul, B."]
[Black "Novotny, Michal"]
[Result "1-0"]
[WhiteElo "2120"]
[BlackElo "2035"]

1.d4 e6 2.Nf3 d5 3.c4 Nf6 4.Nc3 c6 5.e3 Nbd7 6.cxd5 exd5 7.Bd3 Bd6 8.Qc2 O-O
9.O-O Re8 10.Rb1 Nf8 11.b4 Bg4 12.Nd2 Bh5 13.h3 Bg6 14.Bxg6 Nxg6 15.Na4 Ne4
16.Nc5 Ng5 17.Qf5 Qe7 18.Qg4 Ne6 19.Nf3 a5 20.Nxe6 fxe6 21.b5 e5 22.Bd2 e4
23.Ne1 Rf8 24.bxc6 bxc6 25.Nc2 Rf6 26.Rb3 Qf7 27.Ne1 Nf8 28.f4 Rg6 29.Qe2 c5
30.dxc5 Bxc5 31.Nc2 Qd7 32.Kh2 Rc6 33.Rd1 Bb6 34.Na3 a4 35.Rb5 Bc5 36.Bc1 Qd6
37.Nc4 Qe6 38.Ne5 Rc7 39.Qd2 Rd8 40.Qa5 Rdc8 41.Qxa4 Nd7 42.Nxd7 Qxd7 43.Qb3 Bxe3
44.Rbxd5 Rc3 45.Rxd7+ Rxb3 46.Rd8+ Rxd8 47.Rxd8+ Kf7 48.axb3 Bxc1 49.g3 e3
50.Kg2 Bd2 51.Kf3  1-0

[Event "SVK-chT1W 9798"]
[Site "SVK"]
[Date "1997.??.??"]
[Round "?"]
[White "Regec, S."]
[Black "Travenec, Igor"]
[Result "0-1"]
[WhiteElo "2155"]
[BlackElo "2220"]

1.d4 Nf6 2.c4 e6 3.Nf3 d5 4.Nc3 c6 5.e3 Nbd7 6.cxd5 exd5 7.Bd3 Bd6 8.O-O O-O
9.Qc2 Re8 10.Bd2 Nf8 11.e4 dxe4 12.Nxe4 Nxe4 13.Bxe4 Bc7 14.Bg5 f6 15.Bh4 Be6
16.Rfe1 Qd7 17.Bg3 Bb6 18.Rad1 Rad8 19.b3 Bd5 20.Kf1 Qf7 21.Re3 Bxe4 22.Rxe4 Rxe4
23.Qxe4 Qe6 24.Re1 Qxe4 25.Rxe4 Kf7 26.Bf4 Rd5 27.Bd2 Ne6 28.Bc3 Rf5 29.h3 h5
30.Bd2 Rd5 31.Bc3 Bc7 32.g3 g6 33.h4 Ng7 34.Ke2 Bd6 35.Kd3 Rf5 36.Ke2 Ne6
37.Nd2 b5 38.a4 a6 39.axb5 axb5 40.Bb2 Be7 41.Re3 Rd5 42.Rd3 Ke8 43.Nf1 Rd8
44.Ne3 Nc7 45.Rc3 Kd7 46.Rc2 Ra8 47.Kd3 Kd6 48.Re2 Ra7 49.Nc2 Kd7 50.Ne3 Nd5
51.Nxd5 cxd5 52.Bc3 Bd6 53.Re1 Ra3 54.Rb1 Ke6 55.Ke3 Kf5 56.Kf3 g5 57.hxg5 fxg5
58.Bd2 Be7 59.Bc3 Bf6 60.Ke3 h4 61.gxh4 gxh4 62.Kf3 Be7 63.Bd2 Bd6 64.Be3 h3
65.Rh1 h2 66.Rb1 Rxb3 67.Ra1 Ra3 68.Rb1 b4 69.Kg2 Rc3 70.Bd2 Rc4 71.Be3 Rc2
72.Bh6 b3 73.Bg7 b2 74.Be5 Bxe5 75.dxe5 Kxe5 76.Kxh2 Rxf2+ 77.Kg3 Rc2 78.Kf3 Kd4
79.Rd1+ Kc3 80.Ke3 Rc1 81.Rd3+ Kc4  0-1

[Event "SVK-chT1W 9798"]
[Site "SVK"]
[Date "1997.??.??"]
[Round "?"]
[White "Martiska, Peter"]
[Black "Travenec, Igor"]
[Result "0-1"]
[WhiteElo "2280"]
[BlackElo "2220"]

1.d4 Nf6 2.Nf3 e6 3.c4 d5 4.Nc3 c6 5.e3 Nbd7 6.cxd5 exd5 7.Bd3 Bd6 8.Qc2 O-O
9.Bd2 Re8 10.g4 Qe7 11.g5 Ne4 12.Rg1 Nf8 13.h4 b5 14.a3 a5 15.Ne2 Bd7 16.h5 b4
17.a4 Rac8 18.b3 Qe6 19.Bc1 Qf5 20.Bxe4 dxe4 21.Nd2 c5 22.Qd1 Qh3 23.h6 Bh2
24.Rf1 cxd4 25.Nxd4 Bg4 26.Ne2 Red8 27.Bb2 Rd3 28.Rc1 Rcd8 29.Rc2 Rxe3 30.hxg7 Ne6
31.Nxe4 Rxd1+ 32.Kxd1 Qxf1+  0-1

[Event "SVK-chT2 9697"]
[Site "SVK"]
[Date "1997.??.??"]
[Round "1"]
[White "Krivoshey, Sergei"]
[Black "Vojtek, Vladimir"]
[Result "1-0"]
[WhiteElo "2425"]
[BlackElo "2295"]

1.Nf3 Nf6 2.c4 e6 3.Nc3 d5 4.d4 c6 5.e3 Nbd7 6.Qc2 Bd6 7.Be2 O-O 8.O-O Re8
9.Rd1 Qe7 10.h3 a6 11.b3 dxc4 12.bxc4 e5 13.a4 c5 14.dxe5 Nxe5 15.Bb2 Nc6
16.Nd5 Nxd5 17.cxd5 Nb4 18.Qc3 f6 19.Qb3 Bd7 20.a5 Bb5 21.Bf1 Qd7 22.Nd2 Bxf1
23.Kxf1 Qb5+ 24.Nc4 Rad8 25.Kg1 Nxd5 26.Qa2 Bc7 27.Rxd5 Rxd5 28.Nd6 Bxd6
29.Qxd5+ Kh8 30.Bxf6 Bf8 31.Bc3 Rc8 32.Rd1 Qc6 33.Qf7 b5 34.axb6 Qxb6 35.Rd7 Qg6
36.Qd5 h6 37.h4 Qc6 38.Qf7 Kh7 39.Bxg7 Qg6 40.Qxg6+ Kxg6 41.Bxf8 Rxf8 42.Rc7 Ra8
43.Rc6+ Kg7 44.Rxc5 a5 45.Kf1 a4 46.Rc2 Kf6 47.Ke2 Ke5 48.Kd3 a3 49.Ra2 h5
50.Kc3 Ke4 51.Kb3 Kd3 52.Rxa3 Rb8+ 53.Ka2+ Ke2 54.f4 Kf2 55.Ra5 Kxe3 56.Rxh5 Kxf4
57.Rg5 Ke4 58.h5 Rh8 59.g4 Kf4 60.Rg6 Ke4 61.h6 Kd3 62.g5 Ra8+ 63.Kb3 Rb8+
64.Ka4 Kc4 65.Ka5 Kc5 66.Ka6 Rb1 67.h7  1-0

[Event "SVK-chT 9697"]
[Site "SVK"]
[Date "1997.??.??"]
[Round "2"]
[White "Krivoshey, Sergei"]
[Black "Vojtek, Vladimir"]
[Result "1-0"]
[WhiteElo "2425"]
[BlackElo "2295"]

1.Nf3 Nf6 2.c4 e6 3.Nc3 d5 4.d4 c6 5.e3 Nbd7 6.Qc2 Bd6 7.Be2 O-O 8.O-O Qe7
9.e4 dxe4 10.Nxe4 Nxe4 11.Qxe4 e5 12.Bg5 f6 13.c5 exd4 14.Bc4+ Kh8 15.Qh4 Nxc5
16.Rae1 Be6 17.Bxe6 Nxe6 18.Qg4 fxg5 19.Rxe6 Qd7 20.Nxg5 Rf6 21.Qe4 Bxh2+
22.Kxh2 Rh6+ 23.Kg1 Rf8 24.Rxh6 gxh6 25.Ne6 Re8 26.Qxd4+ Qxd4 27.Nxd4 c5
28.Nf5 Re2 29.Rd1 Kg8 30.b3 Rxa2 31.Rd7 b5 32.Rc7 Ra3 33.Nxh6+ Kf8 34.f4 Rxb3
35.f5 Rb1+ 36.Kf2 Rh1 37.Rxh7 Rh4 38.g4 b4 39.f6 Rxh6 40.Rxh6 b3  1-0

[Event "SVK-chT 9697"]
[Site "SVK"]
[Date "1997.??.??"]
[Round "2"]
[White "Kijac, Miroslav"]
[Black "Lisko, Frantisek"]
[Result "0-1"]
[WhiteElo "2150"]
[BlackElo "2325"]

1.d4 Nf6 2.c4 e6 3.Nf3 d5 4.Nc3 c6 5.e3 Nbd7 6.Qc2 Bd6 7.Be2 O-O 8.O-O Re8
9.Rd1 Qe7 10.h3 h6 11.e4 dxe4 12.Nxe4 Nxe4 13.Qxe4 e5 14.Be3 Nf6 15.Qh4 e4
16.Nd2 Bf5 17.Nf1 Bh7 18.Bf4 Rad8 19.Rd2 Bb4 20.Rdd1 g5 21.Qg3 Bg6 22.Be5 Nh5
23.Qe3 c5 24.Bxh5 Bxh5 25.g4 Bg6 26.a3 Ba5 27.b4 cxb4 28.axb4 Qxb4 29.Rdb1 Qc3
30.Qxc3 Bxc3 31.Rxa7 e3 32.Nxe3 Bxb1 33.Nd5 Rxd5 34.cxd5 Be4 35.d6 Bc6 36.d5 Bxe5
37.dxc6 bxc6 38.Re7 Kf8  0-1

[Event "SVK-chT 9798"]
[Site "SVK"]
[Date "1997.??.??"]
[Round "3"]
[White "Horvath, Mario"]
[Black "Kriz, Oliver"]
[Result "1-0"]
[WhiteElo "2265"]
[BlackElo "2245"]

1.d4 d5 2.c4 c6 3.Nc3 Nf6 4.Nf3 e6 5.e3 Be7 6.Qc2 O-O 7.b3 b6 8.Bd3 Nbd7
9.O-O Bb7 10.Bb2 Rc8 11.e4 dxe4 12.Nxe4 Nxe4 13.Bxe4 Nf6 14.Bd3 c5 15.Ng5 h6
16.Nh7 Nxh7 17.Bxh7+ Kh8 18.Rad1 f5 19.Bg6 cxd4 20.Bxd4 Qc7 21.f4 Bc5 22.Qf2 Rcd8
23.Bxc5 bxc5 24.Bh5 Be4 25.Bf3 Qxf4 26.Bxe4 Qxe4 27.Qxc5 Rfe8 28.Qf2 Rxd1
29.Rxd1 e5 30.Qxa7 Ra8 31.Qf2 f4 32.Qf3 Qxf3 33.gxf3 Rxa2 34.Rc1 Kg8 35.c5 Kf7
36.c6 Ra8 37.b4 Ke7 38.Rd1 Rb8 39.Rd7+ Ke6 40.Rb7 Rc8 41.b5 g5 42.c7 Kd7
43.b6 h5 44.Rb8 g4 45.Kf2  1-0

[Event "SVK-chT 9798"]
[Site "SVK"]
[Date "1997.??.??"]
[Round "4"]
[White "Pal, Peter"]
[Black "Koutsin, Sergey"]
[Result "0-1"]
[WhiteElo "2190"]
[BlackElo "2440"]

1.d4 d5 2.Nf3 c6 3.c4 e6 4.e3 Nf6 5.Nc3 Nbd7 6.Qc2 Bd6 7.g4 Nxg4 8.Rg1 f5
9.h3 Ngf6 10.Rxg7 Ne4 11.Bd2 Qf6 12.Rg2 Nf8 13.O-O-O Bd7 14.Be2 Ng6 15.Rdg1 O-O-O
16.Ne5 Nxe5 17.Nxe4 fxe4 18.dxe5 Bxe5 19.Ba5 b6 20.cxd5 exd5 21.Ba6+ Kc7
22.Bb4 c5 23.Kb1 Kb8 24.Ba3 Qc6 25.Be2 d4 26.exd4 cxd4 27.Qxc6 Bxc6 28.Rg5 Bd6
29.Bxd6+ Rxd6 30.Rg7 Rd7 31.Rxd7 Bxd7 32.Rd1 d3 33.Bg4 Bxg4 34.hxg4 Rf8  0-1

[Event "SVK-chT 9697"]
[Site "SVK"]
[Date "1997.??.??"]
[Round "10"]
[White "Likavsky, Tomas"]
[Black "Klein, Peter"]
[Result "1/2-1/2"]
[WhiteElo "2305"]
[BlackElo "2115"]

1.d4 Nf6 2.c4 e6 3.Nf3 d5 4.Nc3 c6 5.e3 Nbd7 6.Bd3 Bd6 7.e4 dxe4 8.Nxe4 Nxe4
9.Bxe4 O-O 10.O-O e5 11.dxe5 Nxe5 12.Nxe5 Bxe5 13.Bxh7+ Kxh7 14.Qh5+ Kg8
15.Qxe5 Re8 16.Qg3 Qd4 17.Be3 Qxc4 18.Rfd1 Qg4 19.Qc7 Qb4 20.Bd4 Qe7 21.Qg3 f6
22.h4 c5 23.Bc3 Bd7 24.Bxf6 Qxf6 25.Rxd7 Qxb2 26.Rad1 Rac8 27.h5 Qe5 28.Qg6 Qf6
29.Qxf6 gxf6 30.Rxb7 Re5 31.h6 Rh5 32.Rxa7 Rxh6 33.Rdd7 f5 34.Rg7+ Kh8 35.Rgc7 Rc6
36.Rxc8+ Rxc8 37.Kf1 c4 38.Ke2 c3 39.Kd1 Rd8+ 40.Ke2 Rc8 41.Kd1 Rd8+ 42.Kc2 Rd2+
43.Kxc3 Rxf2 44.a4 Rxg2 45.Rd7 Kg8 46.Rd2 Rg3+ 47.Kb4 Kf7 48.a5 Rg8 49.a6 Ke6
50.Kc5 f4 51.a7 Kf5 52.Ra2 Ra8 53.Kd4 Ke6 54.Kc5 Kf5 55.Kd5 f3 56.Kc6  1/2-1/2

[Event "Piatka op"]
[Site "Swidnica"]
[Date "1997.??.??"]
[Round "?"]
[White "Volkov, Sergey"]
[Black "Evseev, Denis"]
[Result "1-0"]
[WhiteElo "2480"]
[BlackElo "2370"]

1.d4 d5 2.c4 c6 3.Nc3 Nf6 4.e3 e6 5.Nf3 Nbd7 6.Bd3 dxc4 7.Bxc4 b5 8.Be2 Bb7
9.O-O a6 10.e4 c5 11.e5 Nd5 12.a4 b4 13.Ne4 Qc7 14.Bg5 h6 15.Bh4 Nf4 16.Bg3 Nh3+
17.gxh3 Bxe4 18.Rc1 Qb7 19.Nd2 Bd5 20.Nc4 cxd4 21.Qxd4 Rc8 22.Nd6+ Bxd6 23.Rxc8+ Qxc8
24.exd6 O-O 25.Qxb4 Qc6 26.Qa5 f5 27.Qxa6 Qxa6 28.Bxa6 f4 29.Rc1 fxg3 30.hxg3 Rd8
31.b4 Kf7 32.a5 e5 33.Bc4 Ke6 34.Bxd5+ Kxd5 35.b5 Rb8 36.Rd1+ Kc5 37.b6 Ra8
38.Rc1+ Kxd6 39.Rd1+ Kc6 40.b7 Rb8 41.a6 Nb6 42.Rb1 Kc7 43.Rc1+ Kd6 44.Kg2 e4
45.Kf1 Kd5 46.Rc7 Kd6 47.Rxg7 Kc6 48.Rg6+ Kc5 49.Rxh6  1-0

[Event "SWZ-chT9697"]
[Site "SWZ"]
[Date "1997.??.??"]
[Round "?"]
[White "Rueetschi, Urs"]
[Black "Domont, Alexandre"]
[Result "0-1"]
[WhiteElo "2250"]
[BlackElo "2375"]

1.d4 d5 2.c4 c6 3.Nc3 Nf6 4.e3 e6 5.Nf3 Nbd7 6.Qc2 Bd6 7.Be2 Qe7 8.O-O O-O
9.Rd1 dxc4 10.Bxc4 e5 11.a3 Nb6 12.Be2 e4 13.Nd2 Bf5 14.b4 Rae8 15.b5 Ng4
16.Nf1 Qh4 17.g3 Qh3 18.Rd2 Re6 19.Bd1 Nxh2 20.Nxh2 Rh6 21.f4 exf3 22.e4 Qxg3+
23.Rg2 Qe1+ 24.Nf1 Rh1+ 25.Kxh1 Qxf1+  0-1

[Event "SWZ-chT9697"]
[Site "SWZ"]
[Date "1997.??.??"]
[Round "?"]
[White "Huss, Andreas"]
[Black "Ammann, Walter"]
[Result "1-0"]
[WhiteElo "2325"]
[BlackElo "2280"]

1.d4 d5 2.c4 e6 3.Nf3 c6 4.e3 Nf6 5.Nc3 Nbd7 6.Qc2 Bd6 7.Be2 O-O 8.O-O Qe7
9.a3 a6 10.Rd1 b5 11.e4 Nxe4 12.Nxe4 dxe4 13.Qxe4 Nf6 14.Qh4 bxc4 15.Bxc4 Nd5
16.Bg5 f6 17.Bd3 g6 18.Bh6 Re8 19.Rac1 Bd7 20.Qe4 Qf7 21.h4 a5 22.Bc4 Rab8
23.Rd2 Kh8 24.g3 Re7 25.Kg2 Be8 26.Qe1 Reb7 27.Rcc2 Bd7 28.Re2 a4 29.Qc1 Rg8
30.Re1 Qe8 31.Nd2 g5 32.Ne4 Be7 33.hxg5 fxg5 34.Nxg5 Qg6 35.Nf3 Rb3 36.Bxb3 axb3
37.Ne5 bxc2 38.Nxg6+ Rxg6 39.Bd2 c5 40.Qxc2 Bc6 41.f3 Bd6 42.Rh1 Rxg3+ 43.Kf2 Nf6
44.dxc5 Rxf3+ 45.Ke2 Be5 46.Bg5 Rf5 47.Bxf6+ Bxf6 48.Rh2 Bb5+ 49.Kd1 Rf1+
50.Kd2 Bg5+ 51.Kc3 Rf3+ 52.Kb4 Bd3 53.Qg2  1-0

[Event "SWZ-chT"]
[Site "SWZ"]
[Date "1997.??.??"]
[Round "7"]
[White "Pelletier, Yannick"]
[Black "Domont, Alexandre"]
[Result "1-0"]
[WhiteElo "2483"]
[BlackElo "2399"]

1.d4 d5 2.c4 c6 3.Nc3 Nf6 4.e3 e6 5.Nf3 Nbd7 6.Bd3 dxc4 7.Bxc4 b5 8.Bd3 a6
9.e4 c5 10.e5 cxd4 11.Nxb5 axb5 12.exf6 gxf6 13.O-O Qb6 14.Qe2 Ra5 15.Rd1 Bb7
16.Bf4 Nc5 17.Nxd4 Nxd3 18.Qxd3 Rg8 19.Bg3 Bd5 20.Rac1 b4 21.Rc8+ Kd7 22.Rdc1 Rxg3
23.Qxg3 Bc5 24.Rb8 Qc7 25.Qg8 Kd6 26.Rd8+  1-0

[Event "EU-ch U16 Girls"]
[Site "Tallinn"]
[Date "1997.??.??"]
[Round "5"]
[White "Wowk, Oksana"]
[Black "Fanouraki, Niki"]
[Result "1/2-1/2"]
[WhiteElo "2070"]
[BlackElo "2075"]

1.d4 d5 2.c4 c6 3.e3 Nf6 4.Nf3 e6 5.Nc3 Nbd7 6.Bd3 dxc4 7.Bxc4 b5 8.Bd3 Be7
9.O-O b4 10.Ne4 Bb7 11.Bd2 O-O 12.Nxf6+ Nxf6 13.Qe2 Qb6 14.e4 Nd7 15.Rac1 a5
16.Be3 c5 17.Bb5 Bc6 18.Bxc6 Qxc6 19.dxc5 Nxc5 20.Bxc5 Bxc5 21.Ne5 Qd6 22.Rxc5 Qxc5
23.Nd7 Qc6 24.Nxf8 Rxf8 25.Rd1 Rc8 26.Qd3 h6 27.f3 a4 28.Qd2 Qc5+ 29.Kh1 b3
30.axb3 axb3 31.h3 Qc6  1/2-1/2

[Event "EU-ch U18"]
[Site "Tallinn"]
[Date "1997.??.??"]
[Round "6"]
[White "Kobrin, Michael"]
[Black "Stojnic, Miodrag"]
[Result "1-0"]
[WhiteElo "2255"]
[BlackElo "2130"]

1.d4 d5 2.c4 c6 3.Nf3 Nf6 4.Nc3 e6 5.e3 Nbd7 6.Qc2 Bd6 7.g4 h6 8.Rg1 e5 9.cxd5 cxd5
10.Bd2 a6 11.Nh4 g6 12.Nxg6 fxg6 13.Qxg6+ Kf8 14.e4 exd4 15.Bxh6+ Rxh6 16.Qxh6+ Kf7
17.Nxd5 Nxd5 18.Qxd6 Qa5+ 19.Kd1 Qa4+ 20.b3 Nc3+ 21.Kc2 Qc6 22.Bc4+ Ke8 23.Qxd4 Nb5
24.Qh8+ Ke7 25.Qg7+ Kd8 26.Qg5+ Ke8 27.Kb2 Qb6 28.Qg8+ Ke7 29.Qf7+ Kd8 30.Rad1  1-0

[Event "EU-ch U14"]
[Site "Tallinn"]
[Date "1997.??.??"]
[Round "7"]
[White "Royz, Michael"]
[Black "Mastrovasilis, Dimitrios"]
[Result "1/2-1/2"]
[WhiteElo "2200"]
[BlackElo "2215"]

1.Nf3 d5 2.c4 c6 3.e3 Nf6 4.Nc3 e6 5.d4 Nbd7 6.Qc2 Bd6 7.Bd3 O-O 8.O-O dxc4
9.Bxc4 b5 10.Bd3 Bb7 11.h3 a6 12.e4 e5 13.dxe5 Nxe5 14.Nxe5 Bxe5 15.Be3 Re8
16.f4 Bd4 17.Bxd4 Qxd4+  1/2-1/2

[Event "Tampere Elo Taraus op"]
[Site "Tampere"]
[Date "1997.??.??"]
[Round "1"]
[White "Kallio, Heikki"]
[Black "Norri, Joose"]
[Result "0-1"]
[WhiteElo "2240"]
[BlackElo "2430"]

1.d4 Nf6 2.Nf3 d5 3.c4 c6 4.Nc3 e6 5.e3 Nbd7 6.Qc2 Bd6 7.Bd3 O-O 8.O-O dxc4
9.Bxc4 a6 10.Rd1 Qe7 11.e4 e5 12.a4 h6 13.a5 exd4 14.Nxd4 Ne5 15.Ba2 Rd8
16.h3 Bc5 17.Nde2 Rxd1+ 18.Qxd1 Be6 19.Bxe6 Qxe6 20.Nf4 Qe7 21.Qe2 Rd8 22.Be3 Bxe3
23.Qxe3 Qb4 24.Nfe2 Nc4 25.Qg3 Qe7 26.f3 Nxb2 27.e5 Nh5 28.Qh2 Nd3 29.g4 Nxe5
30.Qf2 Nf6 31.Qe3 Rd3 32.Qa7 Nxf3+ 33.Kf2 Ng5 34.Qb8+  0-1

[Event "Tampere Elo Taraus op"]
[Site "Tampere"]
[Date "1997.??.??"]
[Round "4"]
[White "Vark, Liina"]
[Black "Simola, Tuomas"]
[Result "1-0"]
[WhiteElo "2040"]
[BlackElo "2085"]

1.d4 d5 2.c4 e6 3.Nc3 c6 4.e3 Nf6 5.Nf3 Nbd7 6.Be2 Bd6 7.O-O O-O 8.Qc2 dxc4
9.Bxc4 e5 10.dxe5 Nxe5 11.Nxe5 Bxe5 12.f4 Bc7 13.Bd3 Re8 14.Bd2 Be6 15.Ne4 Nxe4
16.Bxe4 g6 17.f5 Bd5 18.fxg6 hxg6 19.Bxg6 Qh4 20.h3 Re5 21.Rf4 Qh6 22.Rg4 Bb6
23.Bh7+ Kf8 24.Rg8+ Ke7 25.Rxa8 Rxe3 26.Bb4+ Kd7 27.Bf5+ Be6 28.Bxe6+ Qxe6
29.Rd1+ Rd3+ 30.Kh1 Bd4  1-0

[Event "Tanta op"]
[Site "Tanta"]
[Date "1997.??.??"]
[Round "2"]
[White "Ahmed, Ehab"]
[Black "Tissir, Mohamed"]
[Result "1-0"]
[WhiteElo "2235"]
[BlackElo "2365"]

1.d4 d5 2.Nf3 c6 3.c4 Nf6 4.Nc3 e6 5.e3 Nbd7 6.Qc2 Bd6 7.g4 Bb4 8.Bd3 dxc4
9.Bxc4 Qe7 10.g5 Nd5 11.e4 N5b6 12.Be2 e5 13.Be3 exd4 14.Bxd4 O-O 15.O-O-O c5
16.Be3 Bxc3 17.bxc3 Re8 18.Nd2 Ne5 19.f4 Nc6 20.Rdf1 Bh3 21.Rf2 Rac8 22.Rg1 Nd4
23.Qb2 Nd5 24.Qa3 b5 25.c4 Qd7 26.Bd3 Nb6 27.Rg3 Be6 28.cxb5 Nxb5 29.Qa5 c4
30.f5 c3 31.Nb3 Nc4 32.fxe6 Rxe6 33.Qa4 Rd6 34.Nc5 c2 35.Bxc2 Nb6 36.Nxd7 Nxa4
37.Ne5 Nbc3 38.Rd2 Nxa2+ 39.Kd1 Nb2+ 40.Ke1 Rxd2 41.Kxd2 Rd8+ 42.Ke2 Nc3+
43.Kf3 a5 44.Bb3 Nd3 45.Bxf7+ Kf8 46.Nxd3 Kxf7 47.g6+ hxg6 48.Ne5+ Kg8 49.Rxg6 Rf8+
50.Bf4 a4 51.Nc4 Kh7 52.Rg5 g6 53.Ra5 Rf7 54.h4 Rd7 55.Ne5 Rb7 56.Ng4 Rf7
57.e5 Rb7  1-0